Denapauna (Record no. 6404)

MARC details
000 -LEADER
fixed length control field 00465cam a2200193ua 4500
001 - CONTROL NUMBER
control field 7284
005 - DATE AND TIME OF LATEST TRANSACTION
control field 20260515114201.0
008 - FIXED-LENGTH DATA ELEMENTS--GENERAL INFORMATION
fixed length control field 141224n ii |||gr||||Z||||||ben
040 ## - CATALOGING SOURCE
Transcribing agency MAIN
041 ## - LANGUAGE CODE
Language code of text/sound track or separate title ben
082 ## - DEWEY DECIMAL CLASSIFICATION NUMBER
Classification number 891.443
100 ## - MAIN ENTRY--PERSONAL NAME
Personal name Chattupadhyaya, S. CH.,
Relator term Author.
245 ## - TITLE STATEMENT
Title Denapauna
Statement of responsibility, etc. By Sarat Ch. Chattupadhyaya
250 ## - EDITION STATEMENT
Edition statement 1st.
260 ## - PUBLICATION, DISTRIBUTION, ETC.
Place of publication, distribution, etc. Calcutta:
Name of publisher, distributor, etc. Katha Bharati,
Date of publication, distribution, etc. 2006.
300 ## - PHYSICAL DESCRIPTION
Extent 144p.
653 ## - INDEX TERM--UNCONTROLLED
Uncontrolled term Bengali literature
942 ## - ADDED ENTRY ELEMENTS (KOHA)
Koha item type Books
Holdings
Withdrawn status Lost status Damaged status Not for loan Home library Current library Shelving location Date acquired Total checkouts Full call number Barcode Date last seen Copy number Price effective from Koha item type
        Naharkatiya College Library Naharkatiya College Library General stacks 09/19/2020   891.443 | CHA 18171 09/19/2020 2 09/19/2020 Books
        Naharkatiya College Library Naharkatiya College Library General stacks 09/19/2020   891.443 | CHA 18172 09/19/2020 1 09/19/2020 Books